| 000 | 00470nam a22001697a 4500 | ||
|---|---|---|---|
| 003 | NUST - PNEC | ||
| 005 | 20170116180958.0 | ||
| 008 | 150912b xxu||||| |||| 00| 0 eng d | ||
| 020 | _a0471836524 | ||
| 040 | _cLIBRARY | ||
| 082 | _a623.043 TSU | ||
| 100 |
_99373 _aTsui, James Bao-yen |
||
| 245 |
_aMicrowave receivers with electronic warfare applications _c James Bao-yen Tsui |
||
| 260 | _cc.1986 | ||
| 650 |
_99371 _aElectronic Engineering _xEL |
||
| 942 |
_2ddc _cBK |
||
| 999 |
_c66609 _d66609 |
||